00341nam a2200121 a 450000100100000000500170001000800410002704000240006810000210009224500390011326000450015230000220019700003481920200930073926.0111020s1956 fr 000 0 spa d aDO-SdBNPbfrcBNPHU1 aRolland, Romainl10aJean-Christophe /cRomain Rolland. aParis :bÉditions Albin Michel,c1956. a1607 p. ;c19 cm.